Vintage Brand Logo Quiz - Statistics

General Stats
  • This quiz has been taken 320 times
  • The average score is 8 of 16
Answer Stats
Picture Answer % Correct
Pepsi
97%
McDonald's
79%
Apple
78%
Shell
72%
Microsoft
71%
X-Box
70%
Wikipedia
66%
NBC
57%
American Airlines
54%
PBS
44%
AT&T
25%
Krispy Kreme
24%
Amazon
17%
Hilton
15%
Pixar
14%
Bank of America
12%
No matching quizzes found
Score Distribution
Percent of People with Each Score
Percentile by Number Answered
Your Score History
You have not taken this quiz